[Event "It (open)"]
[Site "masterchessopen.com Ljubljana (Slovenia)"]
[Round "5"]
[White "Frangez Simon (SLO)"]
[Black "Bratovic Blaz (SLO)"]
[Result "0-1"]
[WhiteElo "2195"]
[BlackElo "2336"]

1.d4 Nf6 2.c4 e6 3.Nc3 Bb4 4.f3 d5 5.a3 Bxc3+ 6.bxc3 c5 7.cxd5 exd5 8.e3 Qc7
9.Bd2 Bf5 10.Ne2 Bd3 11.Ng3 Bxf1 12.Nxf1 O-O 13.Ng3 Nc6 14.O-O Rfe8 15.Qa4 a6
16.Rae1 b5 17.Qd1 Re6 18.Bc1 Rae8 19.Qd3 Na5 20.e4 cxd4 21.cxd4 dxe4 22.fxe4
Qc4 23.Qxc4 Nxc4 24.e5 Nd7 25.Rd1 f6 26.exf6 Nxf6 27.Nf5 Nd5 28.Rd3 Re1 29.Rg3
Rxf1+ 30.Kxf1 Rf8 31.Rf3 {#R} 0-1

[Event "It (cat.3)"]
[Site "masterchessopen.com Oberland (Germany)"]
[Round "1"]
[White "Likavsky Tomas (SVK)"]
[Black "Bayer Bernhard (GER)"]
[Result "1-0"]
[WhiteElo "2449"]
[BlackElo "2300"]

1.d4 Nf6 2.c4 e6 3.Nc3 Bb4 4.f3 d5 5.a3 Bxc3+ 6.bxc3 c5 7.cxd5 Nxd5 8.dxc5 Qa5
9.e4 Nxc3 10.Qd2 Nc6 11.a4 b5 12.cxb6 axb6 13.Ra3 Nxa4 14.Qxa5 Rxa5 15.Bd2 Nc5
16.Bxa5 Nxa5 17.Bb5+ Ke7 18.Ne2 e5 19.Nc3 Be6 20.O-O Rd8 21.Na4 Ncb3 22.Rb1
Rd6 23.Bf1 Kf6 24.Nxb6 Rxb6 25.Rxa5 Rc6 26.Ra6 Rxa6 27.Bxa6 g5 28.Bc8 Bc4
29.Kf2 h5 30.g3 Nd4 31.Rb4 Bb5 32.f4 gxf4 33.gxf4 Bc6 34.Rb6 Ke7 35.fxe5 Kd8
36.Bf5 {#r} 1-0

[Event "Ch City (match)"]
[Site "masterchessopen.com Olavarria (Argentina)"]
[Round "2"]
[White "Marinangeli Martin (ARG)"]
[Black "Arambel Sergio (ARG)"]
[Result "0-1"]
[WhiteElo "2139"]
[BlackElo "2296"]

1.d4 Nf6 2.c4 e6 3.Nc3 Bb4 4.f3 d5 5.a3 Bxc3+ 6.bxc3 c5 7.cxd5 Nxd5 8.dxc5 Qa5
9.e4 Ne7 10.Be3 O-O 11.Qb3 Nbc6 12.Bb5 Qc7 13.Ne2 Na5 14.Qc2 e5 15.O-O Be6
16.Nc1 Rfd8 17.Nd3 Bb3 18.Qb2 a6 19.Nc1 Be6 20.Ba4 Nc4 21.Qf2 Qa5 22.Bb3 Qxc3
23.Bxc4 Qxa1 24.Nd3 Qc3 25.Rc1 Qxa3 26.Nxe5 Bxc4 27.Nxc4 Qxc1+ 28.Bxc1 Rd1+
29.Qf1 Rxf1+ 30.Kxf1 Rc8 31.Ba3 Rd8 32.Nd6 Nc8 33.e5 Nxd6 34.exd6 f6 35.Ke2
Kf7 36.Kd3 Ke6 37.Kd4 Rc8 38.Bb4 Kd7 39.g3 Kc6 40.f4 Re8 41.Kd3 Ra8 42.Ba5
Kxc5 {#R} 0-1

[Event "Ch City (match)"]
[Site "masterchessopen.com Olavarria (Argentina)"]
[Round "4"]
[White "Marinangeli Martin (ARG)"]
[Black "Arambel Sergio (ARG)"]
[Result "1-0"]
[WhiteElo "2139"]
[BlackElo "2296"]

1.d4 Nf6 2.c4 e6 3.Nc3 Bb4 4.f3 d5 5.a3 Bxc3+ 6.bxc3 c5 7.cxd5 Nxd5 8.dxc5 Qa5
9.e4 Ne7 10.Be3 O-O 11.Qb3 Qc7 12.Nh3 Nec6 13.Rb1 Na5 14.Qa4 Bd7 15.Bb5 a6
16.Bxd7 Nxd7 17.Qb4 Rac8 18.O-O e5 19.Rfd1 Nb8 20.Nf2 Rfd8 21.Rd5 Nbc6 22.Qa4
Ne7 23.Rd6 Nec6 24.Rbd1 Qb8 25.R1d5 b5 26.Qd1 Re8 27.Rd7 Nc4 28.Qc1 N6a5
29.Ng4 Rc6 30.Bg5 Nb7 31.h4 h5 32.Ne3 Nxe3 33.Qxe3 Qc8 34.Be7 Re6 35.Qg5 g6
36.Kh1 Kg7 37.Kg1 Na5 38.Rd8 {#r} 1-0

[Event "Dos Hermanas Qualifier (18-B)"]
[Site "masterchessopen.com Internet"]
[Date "2003.03.18"]
[Round "5"]
[White "Ezat Mohamed (EGY)"]
[Black "Soppe Guillermo (ARG)"]
[Result "0-1"]
[WhiteElo "2383"]
[BlackElo "2433"]

1.d4 Nf6 2.c4 e6 3.Nc3 Bb4 4.f3 d5 5.a3 Bxc3+ 6.bxc3 c5 7.cxd5 Nxd5 8.dxc5 Qa5
9.e4 Nf6 10.Be3 O-O 11.Qb3 Nfd7 12.Qc4 Na6 13.c6 Ne5 14.Qb3 bxc6 15.f4 Ng4
16.Bd4 e5 17.fxe5 Be6 18.Qc2 Nc5 19.h3 Nb3 20.Rd1 Nxd4 21.Rxd4 Nxe5 22.Nf3
Nxf3+ 23.gxf3 Qxa3 24.Rg1 Rfd8 25.Qd2 Qe7 26.Qh6 g6 27.Qe3 a5 28.Kf2 a4 29.Bg2
Qh4+ 30.Ke2 a3 31.f4 a2 32.Ra1 c5 33.Rxd8+ Rxd8 34.f5 Bc4+ 35.Kf3 Rd3 36.Qxd3
Bxd3 37.Rxa2 Bxe4+ 38.Ke3 Bxg2 {#R} 0-1

[Event "Memorial Leonardo Di Bona"]
[Site "masterchessopen.com Cutro (Italy)"]
[Date "2003.04.25"]
[Round "3"]
[White "Khenkin Igor (GER)"]
[Black "Palac Mladen (CRO)"]
[Result "1-0"]
[WhiteElo "2587"]
[BlackElo "2543"]

1.d4 Nf6 2.c4 e6 3.Nc3 Bb4 4.f3 d5 5.a3 Bxc3+ 6.bxc3 c5 7.cxd5 exd5 8.e3 Qc7
9.Ne2 h5 10.Nf4 Bf5 11.Bd3 Bxd3 12.Qxd3 Nc6 13.O-O O-O-O 14.Rb1 Kb8 15.Qb5
cxd4 16.exd4 Ka8 17.Nd3 Na5 18.Bf4 Qxc3 19.Rb4 Rc8 20.Nc5 b6 21.Rfb1 Qxa3
22.Ra4 Rxc5 23.dxc5 Qb3 24.Rxa5 {#r} 1-0

[Event "It (open)"]
[Site "masterchessopen.com Crema (Italy)"]
[Date "2003.09.05"]
[Round "1"]
[White "Donnoli Giorgio"]
[Black "Tamburini Lorenzo (ITA)"]
[Result "0-1"]
[WhiteElo "1485"]
[BlackElo "2086"]

1.d4 Nf6 2.c4 e6 3.Nc3 Bb4 4.f3 d5 5.a3 Bxc3+ 6.bxc3 c5 7.cxd5 Nxd5 8.dxc5 O-O
9.e4 Ne7 10.Qb3 Qc7 11.Be3 Nd7 12.Qb4 Nc6 13.Qb3 Qa5 14.Qc4 Nde5 15.Qb3 Rd8
16.Bb5 Nd3+ 17.Ke2 Nde5 18.Nh3 Bd7 19.Rhd1 a6 20.Bd3 Nxd3 21.Rxd3 Ne5 22.Rd4
Bb5+ 23.Kf2 Nd3+ 24.Kg1 Rdc8 25.c4 Nxc5 26.Qb4 Qxb4 27.axb4 Nb3 28.cxb5 Nxa1
29.bxa6 bxa6 30.Rd1 Nc2 31.Bc5 a5 32.Rb1 Rab8 33.Bd6 Rb5 34.Rc1 axb4 35.Nf2 b3
36.Nd3 Ra8 37.Be5 Rxe5 38.Nxe5 b2 {#R} 0-1

[Event "Tournament \"]
[Site "masterchessopen.com Internet"]
[Round "0"]
[White "Volkov Sergey Viktorovich (RUS)"]
[Black "Trajkovic Predrag (SRB)"]
[Result "0-1"]
[WhiteElo "2628"]
[BlackElo "2432"]

1.d4 Nf6 2.c4 e6 3.Nc3 Bb4 4.f3 d5 5.a3 Bxc3+ 6.bxc3 c5 7.cxd5 Nxd5 8.dxc5 Qa5
9.e4 Ne7 10.Be3 O-O 11.Rb1 Qxc3+ 12.Kf2 Qxa3 13.Ne2 Nbc6 14.Ng3 Rd8 15.Qc2 e5
16.Bc4 Nd4 17.Qc1 Qa5 18.Rd1 Nec6 19.Kg1 Qc7 20.Qa3 Nc2 21.Rxd8+ Qxd8 22.Bxf7+
Kf8 23.Qb3 Nxe3 24.Bg8 Qe7 25.Bxh7 Qxc5 26.Qg8+ Ke7 27.Qxg7+ Kd6 28.Kh1 Qc2
29.Rg1 Nd1 30.h4 Nf2+ 31.Kh2 Nh3 32.Rf1 Nf4 33.Rg1 b5 34.h5 Be6 35.h6 a5
36.Nf5+ Kc5 37.Ne7 Ra7 38.Bf5 Rxe7 39.Qf8 Bxf5 40.exf5 Qf2 41.Qf6 Ne2 42.Rd1
Qg3+ 43.Kh1 Rf7 44.Rc1+ Kd4 45.Qd6+ Ke3 46.Qc5+ Ncd4 47.Rc3+ Kf2 48.Qe7 Rxe7
49.Rc7 Qxg2# 0-1

[Event "Ch Paris (open)"]
[Site "masterchessopen.com Paris (France)"]
[Date "2004.07.05"]
[Round "3"]
[White "Kirszenberg Marc (FRA)"]
[Black "Hinks-Edwards Thom (ENG)"]
[Result "0-1"]
[WhiteElo "2233"]
[BlackElo "2383"]

1.d4 Nf6 2.c4 e6 3.Nc3 Bb4 4.f3 d5 5.a3 Bxc3+ 6.bxc3 c5 7.cxd5 Nxd5 8.Qd3 b6
9.e4 Ba6 10.Qd2 Bxf1 11.Kxf1 Ne7 12.dxc5 Nd7 13.cxb6 Qxb6 14.Qd4 Qa6+ 15.Kf2
e5 16.Qe3 Nb6 17.Nh3 Nc4 18.Qe2 Rb8 19.Rd1 O-O 20.Ra2 Qa4 21.Qc2 Rb3 22.Rd7
Nc6 23.Rb7 Nb6 24.Rc7 Na5 25.Rxa7 Nbc4 26.Qd3 Qc6 27.Rc2 Qc5+ 28.Be3 Qxa3
29.Kg3 Rbb8 30.Bf2 Qa4 31.Rc1 Rbd8 32.Qe2 Qc6 33.Bg1 Rd2 34.Qxd2 Nxd2 35.Rxa5
Nb3 36.Rca1 Qg6+ 37.Kh4 Nxa1 38.Rxa1 Qxg2 39.Bc5 Rc8 40.Bb4 Qxf3 {#R} 0-1

[Event "It (c)"]
[Site "masterchessopen.com Serpukhov (Russia)"]
[Date "2004.08.30"]
[Round "6"]
[White "Simantsev Mikhail (UKR)"]
[Black "Goltsov Denis (RUS)"]
[Result "1-0"]
[WhiteElo "2402"]
[BlackElo "2296"]

1.d4 e6 2.c4 Bb4+ 3.Nc3 c5 4.a3 Bxc3+ 5.bxc3 Nf6 6.f3 d5 7.cxd5 Nxd5 8.dxc5
Qa5 9.e4 Nxc3 10.Qd2 Nc6 11.Bb2 Na4 12.Qxa5 Nxa5 13.Bxg7 Rg8 14.Bf6 Nxc5
15.Nh3 b6 16.Nf2 Bb7 17.g4 Rc8 18.g5 Nd7 19.Ng4 h5 20.gxh6 {#r} 1-0

[Event "It (open)"]
[Site "masterchessopen.com Bad Wiessee (Germany)"]
[Date "2004.11.06"]
[Round "8"]
[White "Volkov Sergey Viktorovich (RUS)"]
[Black "Jaracz Pawel (POL)"]
[Result "1-0"]
[WhiteElo "2628"]
[BlackElo "2531"]

1.d4 Nf6 2.c4 e6 3.Nc3 Bb4 4.f3 d5 5.a3 Bxc3+ 6.bxc3 c5 7.cxd5 Nxd5 8.dxc5 Qa5
9.e4 Ne7 10.Be3 O-O 11.Rb1 Nd7 12.Bb5 Rd8 13.Qb3 Ne5 14.Kf2 Bd7 15.Ne2 Bxb5
16.Qxb5 Nd3+ 17.Kg3 Qc7+ 18.Kh3 Rd7 19.g3 Ne5 20.Rhd1 Rad8 21.Rxd7 Rxd7 22.Bf4
N7g6 23.Bxe5 Nxe5 24.Nd4 g5 25.c6 bxc6 26.Qc5 h6 27.a4 Nd3 28.Qxc6 Qxc6
29.Nxc6 Nf2+ 30.Kg2 Rd2 31.Kf1 Nd3 32.Kg1 Rc2 33.Nxa7 Ne5 34.Rf1 Rxc3 35.Nb5
Rb3 36.f4 Nf3+ 37.Kg2 g4 38.Rf2 Ne1+ 39.Kf1 Nd3 40.Rc2 Rb4 41.Ke2 Nb2 42.Nd6
Nxa4 43.Rc8+ Kg7 44.Rc7 Kg6 45.Nxf7 Rxe4+ 46.Kd3 Rb4 47.Ne5+ Kh5 48.Rg7 {#r}
1-0

[Event "It (open)"]
[Site "masterchessopen.com Zurich (Switzerland)"]
[Round "4"]
[White "Gaule Patrick (SUI)"]
[Black "Trajkovic Predrag (SRB)"]
[Result "0-1"]
[WhiteElo "2150"]
[BlackElo "2432"]

1.d4 Nf6 2.c4 e6 3.Nc3 Bb4 4.f3 d5 5.a3 Bxc3+ 6.bxc3 c5 7.cxd5 Nxd5 8.dxc5 Qc7
9.e4 Nf6 10.Qd6 Qxd6 11.cxd6 e5 12.Bc4 Nc6 13.a4 Na5 14.Bb5+ Bd7 15.Ba3 Bxb5
16.axb5 Kd7 17.Ne2 Nc4 18.Kf2 Ke6 19.g4 Rhd8 20.Rhd1 Ne8 21.Rd5 Nxa3 22.Rxa3
Nxd6 23.Nc1 f6 24.Nd3 b6 25.Nb4 Rdc8 26.Na6 g6 27.Ke2 f5 28.Kd3 fxe4+ 29.fxe4
Nxe4 30.Kxe4 Rc4+ 31.Kd3 Kxd5 32.Nb4+ Kc5 33.Na6+ Kxb5 34.Rb3+ Kxa6 35.Kxc4
Re8 {#R} 0-1

[Event "It (open)"]
[Site "masterchessopen.com Nova Gorica (Slovenia)"]
[Date "2005.02.03"]
[Round "9"]
[White "Cebalo Miso (CRO)"]
[Black "Saric Ante (CRO)"]
[Result "1-0"]
[WhiteElo "2512"]
[BlackElo "2437"]

{ Cebalo Miso (CRO) +2 =2 -0 } 1.d4 { 1 } 1...Nf6 2.c4 e6 3.Nc3 Bb4 4.f3 d5
5.a3 Bxc3+ 6.bxc3 c5 7.cxd5 Nxd5 8.dxc5 Qa5 9.e4 Ne7 10.Be3 { = } 10...Bd7 { N
} ( 10...O-O 11.Qb3 Qc7 12.Rb1 Nd7 ( 12...Nec6 13.f4 Na5 14.Qd1 Rd8 15.Qh5 Nd7
16.Nf3 Nf6 17.Qh4 Nxe4 18.Bd4 Nc6 19.Bd3 Nxd4 20.cxd4 Qa5+ 21.Ke2 Nc3+ 22.Kf2
h6 23.Rb3 Bd7 24.Rc1 Nd5 25.Kg1 Bc6 26.f5 exf5 27.Bxf5 Re8 28.Qf2 Qa4 29.Nd2
Re7 30.Bc2 { ...1/2-1/2, Beliavsky Alexander G 2660 - De Firmian Nick E 2550 ,
Malme 9. 5.2004 It (cat.14) } ) 13.Qc4 Ne5 14.Qb3 Nd7 15.Qc4 Ne5 16.Qb3 {
1/2-1/2, Khenkin Igor 2587 - Anand Viswanathan 2781 , Germany 2003 Bundesliga
2003/04 } ) ( 10...Qxc3+ 11.Kf2 Nbc6 12.Qc1 Qxc1 13.Rxc1 e5 14.Ne2 Be6 15.Nc3
O-O-O 16.Nb5 Kb8 17.Bc4 Bxc4 18.Rxc4 Nc8 19.Ke2 Rd7 20.Rb1 Rhd8 21.Rcc1 a6
22.Nc3 N8e7 23.Rd1 Nd4+ 24.Bxd4 Rxd4 25.Rxd4 Rxd4 26.Rb4 Rd8 27.Rb2 Kc7 28.Nd1
g6 29.Nf2 f5 30.Nd3 { ...1/2-1/2, Bratchenko Alexander 2387 - Pisakov Ilia
2379 , St. Petersburg 2003 It (open) "White Nights" } ) ( 10...Nec6 11.Qb3 O-O
12.Bb5 Qc7 13.Rd1 e5 14.Ne2 Be6 15.Qa4 Na5 16.Nc1 a6 17.Be2 Nd7 18.Qb4 Rac8
19.Nd3 Nb3 20.O-O Ndxc5 21.Nxc5 Nxc5 22.Rb1 Rfd8 23.c4 Rd7 { 1/2-1/2, Soppe
Guillermo 2485 - Zarnicki Pablo 2540 , Villa Gesell 1996 It "Clarin" } ) (
10...Nd7 11.Qb3 Nc6 12.Bb5 Qc7 13.Nh3 O-O 14.Nf2 Na5 15.Qb4 Nc6 16.Qa4 Nce5
17.Qd4 Nc6 18.Bxc6 Qxc6 19.O-O b6 20.cxb6 axb6 21.Nd3 Ra5 22.Nb4 Qa8 23.Nc2
Ra4 24.Qd6 Qa5 25.Nb4 Qe5 26.Qxe5 Nxe5 27.Bxb6 Nc4 28.Bc5 Re8 29.Rfd1 f5
30.exf5 { ...1-0, Cebalo Miso 2520 - Jovanic Ognjen 2475 , Zagreb 24.11.2004
Ch Croatia } ) ( 10...Na6 11.Qb3 Nc6 12.Bb5 O-O 13.Ne2 e5 14.O-O Be6 15.c4
Rfc8 16.Qb2 Qc7 17.Nc3 Nd4 18.Bxa6 bxa6 19.Nd5 Rab8 20.Qf2 Qxc5 21.Rfd1 Rb3
22.Bxd4 exd4 23.Qxd4 Kf8 24.Qxc5+ Rxc5 25.Rdc1 Ke8 26.Kf2 Kd7 27.g4 a5 28.Ra2
g5 29.h4 gxh4 30.Ne3 { ...1/2-1/2, Partos Charles 2385 - Goldstern Flip 2340 ,
Switzerland 1996 Ch Switzerland (team) } ) ( 10...f5 11.Qb3 Nbc6 12.Bc4 fxe4
13.fxe4 O-O 14.Nf3 Ng6 15.O-O h6 16.Bxe6+ Bxe6 17.Qxe6+ Kh7 18.Qb3 Rae8
19.Qxb7 Qxc3 20.Rfe1 Re6 21.Qd7 Rff6 22.Rac1 Qxa3 23.Nd4 Rxe4 24.Bxh6 Kxh6
25.Nf5+ Rxf5 26.Qxf5 Re5 27.Qf2 Qb4 28.Re3 Rxe3 29.Qxe3+ Qf4 30.Qh3+ {
...1/2-1/2, Golichenko Ilja - Romanov Vladimir 2268 , Kiev 24. 1.2004 Ch Kiev
} ) ( 10...e5 11.Qb3 O-O 12.Bc4 Nd7 13.Nh3 h6 14.Nf2 Qc7 15.Nd3 b6 16.cxb6
Nxb6 17.Bxb6 axb6 18.O-O Bd7 19.f4 b5 20.Bd5 Nxd5 21.exd5 exf4 22.Rxf4 Rac8
23.Rc1 Rfe8 24.Qb4 Qa7+ 25.Kf1 Qe3 26.Rf3 Qg5 27.Qd6 Bg4 28.Rg3 Re3 29.Nf4 Re4
30.Nd3 { ...0-1, Utnasunov Alexander 2293 - Vaingorten Yaqoov 2198 , St.
Petersburg 2001 It (open) "White Nights" } ) 11.a4 O-O 12.Qb3 Bc6 13.Nh3 Nd7
14.Qb4 Qc7 15.Be2 f5 16.O-O fxe4 17.fxe4 Qe5 18.Nf2 Ng6 19.Qd4 Nf4 20.Bc4 Rac8
{ ?? } ( { ? } 20...Kh8 21.Nh1 Ng6 22.Ng3 Nf6 { } ) 21.g3 Nh5 22.Bb5 { ?? } (
{ ? } 22.Qxe5 Nxe5 23.Bxe6+ Nf7 24.Bxc8 { } ) 22...Rf3 { ? } ( { ? } 22...Nhf6
23.Qxe5 Nxe5 24.Bf4 Nf7 { } ) 23.Qxe5 Nxe5 24.Bd4 Bxb5 25.axb5 Nc4 26.e5 Ne3
27.Bxe3 Rxe3 28.Rxa7 Rxe5 29.Rxb7 Rexc5 30.Ne4 Re5 31.Nd6 Ra8 32.b6 Nf6 33.Rc7
Nd5 34.Rc5 { } {#r} 1-0

[Event "It (open) \"]
[Site "masterchessopen.com Moscow (Russia)"]
[Date "2005.02.23"]
[Round "9"]
[White "Berkes Ferenc (HUN)"]
[Black "David Alberto (LUX)"]
[Result "1-0"]
[WhiteElo "2596"]
[BlackElo "2595"]

{ Berkes Ferenc (HUN) +1 =1 -0 } 1.d4 Nf6 2.c4 e6 3.Nc3 Bb4 4.f3 d5 5.a3 Bxc3+
6.bxc3 c5 7.cxd5 Nxd5 8.dxc5 Qa5 9.e4 Ne7 { ? } ( 9...Nf6 10.Be3 O-O 11.Qb3
Nfd7 12.Qb4 Qc7 13.Rd1 Nc6 14.Qa4 Nce5 15.Qd4 Nc6 16.Qa4 Nce5 17.Qd4 Nc6 {
1/2-1/2, Timman Jan H 2630 - Karpov Anatoly 2730 , Tilburg 1991 It (cat.17) }
) 10.Be3 O-O 11.Qb3 { ? } 11...Nd7 ( 11...Qc7 12.a4 Nec6 13.f4 Na5 14.Qa3 Nd7
15.Nf3 b6 16.cxb6 axb6 17.Nd2 Ba6 18.Bb5 Nc4 19.Bxc4 Bxc4 20.Qb4 Ba6 21.c4 Nc5
22.O-O Rfd8 23.a5 bxa5 24.Qxc5 Qxc5 25.Bxc5 Rxd2 26.Rxa5 Rdd8 27.Be7 Rdc8
28.Rfa1 Bb7 29.Rxa8 Bxa8 30.e5 h5 31.Bd6 { ...1-0, Milov Vadim 2683 - Nielsen
Peter Heine 2440 , Buenos Aires 1993 Ch World (juniors) (under 20) } ) 12.Bb5
Qc7 ( 12...Ne5 13.Rd1 a6 14.Be2 N7c6 15.f4 Nd7 16.Qc4 Qxa3 17.Nf3 Na5 18.Qb4
Qxb4 19.cxb4 Nc6 20.Rb1 Nf6 21.Nd2 Rd8 22.Kf2 e5 23.fxe5 Nxe5 24.h3 Bd7 25.Bf4
Bb5 26.Ke3 Nc6 27.Bd6 Re8 28.Bf3 Nd5+ 29.Kf2 Ndxb4 30.Kg3 Nd3 31.Be2 Ndb4
32.Bg4 { ...0-1, Partos Charles 2385 - Christiansen Larry M 2555 , Switzerland
1996 Ch Switzerland (team) } ) 13.Bxd7 Bxd7 14.Ne2 Nc6 ( 14...e5 15.c4 f5
16.Nc3 fxe4 17.Nxe4 Nf5 18.O-O Bc6 19.Nd6 { 1/2-1/2, Berkes Ferenc 2610 -
Aronian Levon 2684 , Moscow 19. 2.2005 It (open) "Aeroflot" } ) 15.c4 { ^00
^01 ^00 ^00 ^00 ^05 Nc6a5 ^00 ^00 ^00 ^01 ^00 ^05 Nc6a5 ^254 ^00 ^00 ^00 ^128
} ( 15.O-O Na5 16.Qb4 Nc6 17.Qc4 Na5 18.Qb4 e5 19.Rab1 Be6 20.Ng3 Rfd8 21.Rfe1
Rd3 22.Nf5 Bxf5 23.exf5 f6 24.f4 Re8 25.fxe5 Rxe5 26.Bd4 Rxf5 27.Qb5 { 1-0,
Tyomkin Dimitri 2497 - Christiansen Larry M 2570 , Internet 2001 Tournament }
) 15...Na5 { +0.15 CAP N ^254 ^00 ^00 ^00 ^04 ! } ( 15...e5 16.Nc3 Rab8 17.Nd5
Qa5+ 18.Kf2 f5 19.exf5 Bxf5 20.Rhd1 Qd8 21.Kg1 Qh4 22.Bf2 Qg5 23.Ra2 Rf7
24.Rb2 Rbf8 25.Qe3 Qg6 26.Bg3 h5 27.Nc3 Bc2 28.Rd6 Qh7 29.h4 Bf5 30.Kh2 Na5
31.Qe2 Nc6 32.Rdd2 g5 33.Nb5 gxh4 34.Bxh4 Rg7 35.Nd6 { ...0-1, Ulibin Mikhail
2556 - Cherniaev Alexander 2509 , Biel 21. 7.2004 It (open) } ) 16.Qb4 Nc6
17.Qc3 Qa5 { ?! } ( 17...e5 { !? } 18.O-O Be6 19.Rfd1 Rfd8 { } ) 18.Rb1 Qxc3+
19.Nxc3 Na5 20.Ke2 Rfc8 21.Rb4 Be8 22.Rc1 b6 23.Na4 Nb7 24.Rcb1 Kf8 { ?! } (
24...f5 { !? } 25.cxb6 a5 26.Rb5 Bxb5 { } ) 25.cxb6 a5 26.Rb5 Rxc4 27.Nc5 Bxb5
28.Rxb5 Rc2+ 29.Kd3 Rxc5 30.Bxc5+ Ke8 31.Bd4 f6 32.g4 Rd8 33.e5 Kf7 34.exf6
gxf6 35.Ke3 Rc8 36.f4 Rc4 37.Rh5 Kg6 38.f5+ exf5 39.Rxf5 Rc6 40.Rd5 Nd6
41.Rxd6 { } {#r} 1-0

[Event "It (open)"]
[Site "masterchessopen.com Bad Woerishofen (Germany)"]
[Date "2005.03.08"]
[Round "6"]
[White "Ballon Guenther Jan (NED)"]
[Black "Ries Berthold (GER)"]
[Result "0-1"]
[WhiteElo "2212"]
[BlackElo "2049"]

1.d4 Nf6 2.c4 e6 3.Nc3 Bb4 4.f3 d5 5.a3 Bxc3+ 6.bxc3 c5 7.cxd5 exd5 8.e3 O-O
9.Bd3 Nc6 10.Ne2 cxd4 11.cxd4 Ne7 12.Ng3 h5 13.O-O h4 14.Nh1 Bf5 15.Nf2 Bxd3
16.Qxd3 Qd7 17.Bd2 Rfe8 18.Rad1 Rad8 19.Rfe1 Nf5 20.Bc3 Nd6 21.e4 Nc4 22.e5
Nh5 23.Bd2 Nb2 24.Qb1 Nxd1 25.Rxd1 f6 26.Ng4 f5 27.Nf2 g6 28.Bg5 Rc8 29.Nh3
Rc4 30.Bxh4 Ng7 31.Nf4 Kh7 32.Bf6 Rec8 33.Bxg7 Kxg7 34.h3 Qc6 35.Kh2 g5
36.Nxd5 Qxd5 37.Qxf5 Qd8 38.e6 Qf6 39.Qd5 Qf4+ 40.Kh1 Rc1 {#R} 0-1

[Event "It \"]
[Site "masterchessopen.com Burbank (USA)"]
[Date "2005.03.25"]
[Round "1"]
[White "Kretchetov Alexandre (RUS)"]
[Black "Aradhyula Vaishnav (USA)"]
[Result "1-0"]
[WhiteElo "2314"]
[BlackElo "2148"]

1.d4 Nf6 2.c4 e6 3.Nc3 Bb4 4.f3 d5 5.a3 Bxc3+ 6.bxc3 c5 7.cxd5 Nxd5 8.dxc5 O-O
9.e4 Nxc3 10.Qb3 Qd4 11.Bb2 Qxc5 12.Qxc3 Qxc3+ 13.Bxc3 Rd8 14.Ne2 Nc6 15.Nf4
b6 16.Bb5 Bb7 17.O-O Rac8 18.Rfd1 h6 19.Rac1 a6 20.Be2 b5 21.Nd3 Ne7 22.Ba5
Rd7 23.Rxc8+ Bxc8 24.Nb4 Rxd1+ 25.Bxd1 Bb7 26.Kf2 {#r} 1-0

[Event "It (open)"]
[Site "masterchessopen.com Oslo (Norway)"]
[Date "2005.03.26"]
[Round "8"]
[White "Lie Terje (NOR)"]
[Black "Soreng Eirik (NOR)"]
[Result "0-1"]
[WhiteElo "1663"]
[BlackElo "1798"]

1.d4 Nf6 2.c4 e6 3.Nc3 Bb4 4.f3 d5 5.a3 Bxc3+ 6.bxc3 c5 7.cxd5 Nxd5 8.dxc5 Qa5
9.e4 Nf6 10.Be3 O-O 11.Qb3 Na6 12.Bxa6 Qxa6 13.c4 Bd7 14.a4 Qa5+ 15.Kf2 Bc6
16.Ne2 Nd7 17.Qc3 Qc7 18.a5 f5 19.Bf4 e5 20.Bc1 fxe4 21.Bb2 exf3 22.Nf4 Rxf4
23.g3 Rf7 24.Rae1 Nxc5 25.Rxe5 Qxe5 26.Qc2 Qxb2 {#R} 0-1

[Event "It (open)"]
[Site "masterchessopen.com Djakovo (Croatia)"]
[Date "2005.05.02"]
[Round "3"]
[White "Cebalo Miso (CRO)"]
[Black "Kovacevic Aleksandar (SRB)"]
[Result "0-1"]
[WhiteElo "2512"]
[BlackElo "2548"]

{ Cebalo Miso (CRO) +3 =5 -0 } 1.d4 Nf6 2.c4 e6 3.Nc3 Bb4 4.f3 d5 5.a3 Bxc3+
6.bxc3 c5 7.cxd5 Nxd5 8.dxc5 Qa5 9.e4 Ne7 { ? } ( 9...Nf6 10.Be3 O-O 11.Qb3
Nfd7 12.Qb4 Qc7 13.Rd1 Nc6 14.Qa4 Nce5 15.Qd4 Nc6 16.Qa4 Nce5 17.Qd4 Nc6 {
1/2-1/2, Timman Jan H 2630 - Karpov Anatoly 2730 , Tilburg 1991 It (cat.17) }
) 10.Be3 O-O 11.Qb3 Qc7 12.a4 { ? } ( 12.Nh3 Nec6 13.Nf2 Na5 14.Qb4 Nbc6
15.Qa4 Ne5 16.Be2 Nd7 17.Qb4 Nc6 18.Qa4 Na5 19.Qb4 Nc6 20.Qb5 b6 21.Nd3 bxc5
22.Nxc5 Nce5 23.Nxd7 Qxc3+ 24.Kf2 Bxd7 25.Qc5 Qxc5 26.Bxc5 Rfc8 27.Rhc1 Ba4
28.Bd6 Ng6 29.Ba6 Re8 30.Rc4 Rad8 31.e5 Bd7 { ...1-0, Hillarp Persson Tiger
2482 - Berg Emanuel 2527 , Skara 2002 Ch Sweden } ) 12...Nec6 ( 12...e5 13.Bc4
Nec6 14.Bd5 Na5 15.Qa2 Na6 16.Ne2 Nxc5 17.O-O Be6 18.Rfd1 Bxd5 19.Rxd5 Ne6
20.Rb1 b6 21.Rbb5 Qc4 22.Qc2 f6 23.Rb4 Qc7 24.Qa2 Kh8 25.c4 Rfc8 26.Rd1 Qe7
27.Rdb1 Qd6 28.Nc3 Qd3 29.Nd5 Nc7 30.Qd2 Qxd2 31.Bxd2 Na6 32.R4b2 { ...0-1,
Pelletier Yannick 2350 - Gavrikov Viktor 2600 , Biel 1994 It (cat.10) } )
13.f4 ( 13.Nh3 Na5 14.Qb4 Nbc6 15.Qa3 f5 16.Nf2 Bd7 17.Be2 f4 18.Bd2 Ne5
19.Qb4 Rac8 20.c4 Nec6 21.Qc3 e5 22.O-O b6 23.cxb6 axb6 24.c5 Nd4 25.Bd1 Nb7
26.cxb6 Qxb6 27.Qb4 Qa6 28.Qe7 Be6 29.Rb1 Nc5 30.a5 Rfe8 31.Qg5 Bc4 32.Rb6 Qa7
{ ...1-0, Meynard Thibault 2242 - Guadalpi David 2324 , France 2003 Ch France
(team) (2) 2002/03 } ) 13...Na5 14.Qa3 { = } 14...Nd7 ( 14...b6 15.Nf3 Ba6
16.Bb5 Bxb5 17.axb5 Nc4 18.cxb6 Qb7 19.Qc1 axb6 20.Rxa8 Qxa8 21.O-O Qxe4
22.Bd4 Nd7 23.Qb1 Qxb1 24.Rxb1 f6 25.Rd1 e5 26.Bf2 Rf7 27.Rd5 exf4 28.Nd2 Nde5
29.Nxc4 Nxc4 30.Rd4 Rc7 31.Rxf4 Kf7 32.Kf1 g5 33.Rd4 Ne5 34.Rd6 { ...1/2-1/2,
Milov Vadim 2683 - Soffer Ram 2475 , Budapest 1993 It } ) 15.Nh3 { +0.00 CAP N
} ( 15.Nf3 b6 16.cxb6 axb6 17.Nd2 Ba6 ( 17...Bb7 18.Be2 f5 19.O-O fxe4 20.Rfb1
Rac8 21.c4 Rf6 22.Rb5 Bc6 23.Rg5 h6 24.Rg4 Rcf8 25.Bd4 e5 26.fxe5 Nxe5 27.Qg3
Re6 28.Rb1 Qe7 29.Rf4 Rxf4 30.Qxf4 e3 31.Nf1 Naxc4 32.Rc1 Bd5 33.Bxe5 Nxe5
34.Nxe3 Bb7 { ...0-1, Galvan Jesus 2218 - Urday Henry 2445 , Peru 1997 Ch Peru
} ) 18.Bb5 Nc4 19.Bxc4 Bxc4 20.Qb4 Ba6 21.c4 Nc5 22.O-O Rfd8 23.a5 bxa5
24.Qxc5 Qxc5 25.Bxc5 Rxd2 26.Rxa5 Rdd8 27.Be7 Rdc8 28.Rfa1 Bb7 29.Rxa8 Bxa8
30.e5 h5 31.Bd6 Kh7 32.Kf2 Kg6 33.Ke3 Kf5 34.g3 Kg6 { ...1-0, Milov Vadim 2683
- Nielsen Peter Heine 2440 , Buenos Aires 1993 Ch World (juniors) (under 20) }
) 15...b6 16.cxb6 axb6 17.Nf2 Ba6 18.Bxa6 Rxa6 19.Qb4 Nc4 20.Bd4 e5 21.fxe5
Ndxe5 22.O-O Ra5 23.Rfd1 Re8 24.Rab1 Re6 25.Bxe5 Raxe5 26.Rd5 h6 27.Rxe5 { ?!
} ( 27.Rbd1 { !? } 27...Rxd5 28.exd5 Re3 29.Ng4 { } ) 27...Nxe5 28.Rd1 Rg6
29.Kh1 Nf3 30.e5 { ? } ( 30.Ng4 Qf4 31.e5 Qf5 32.e6 { } ) 30...Qxe5 31.g3 { ?!
} ( 31.gxf3 { !? } 31...Qe3 32.Qe4 Qxf2 33.f4 { } ) 31...Qe2 { ? } ( 31...Qh5
32.h3 Rxg3 33.Qd6 Ne5 { } ) 32.Kg2 Nxh2 33.Qf4 { ? } ( 33.Qe4 Qxe4+ 34.Nxe4
Ng4 35.Kf3 { } ) 33...Ng4 34.Rd8+ { ?! } ( 34.Rd3 { !? } 34...Nxf2 35.Rd8+ Kh7
36.Qxf2 { } ) 34...Kh7 35.Qxf7 Rf6 { } {#R} 0-1

[Event "Memorial V.Syre (open)"]
[Site "masterchessopen.com Issy Les Moulineaux (France)"]
[Date "2005.05.08"]
[Round "6"]
[White "Mohnblatt Daniel (FRA)"]
[Black "Quach Charlie (FRA)"]
[Result "0-1"]
[WhiteElo "1895"]
[BlackElo "2102"]

1.d4 Nf6 2.c4 e6 3.Nc3 Bb4 4.f3 d5 5.a3 Bxc3+ 6.bxc3 c5 7.cxd5 Nxd5 8.Qd3 O-O
9.e4 Nb6 10.f4 Na4 11.Qc2 Qa5 12.Bd2 Nc6 13.Nf3 Nb6 14.c4 Qa4 15.Qxa4 Nxa4
16.d5 Ne7 17.Rb1 exd5 18.exd5 Nf5 19.Bd3 Nd6 20.Kf2 f6 21.Rhe1 Bd7 22.f5 Nb6
23.Bf4 Nbc8 24.g4 Kf7 25.g5 a6 26.Bxd6 Nxd6 27.Rb6 Bxf5 28.Rxd6 Bxd3 29.Rd7+
Kg6 30.Ree7 Kh5 31.Kg3 b5 32.Rxg7 bxc4 33.Rd6 c3 34.Ne1 c4 35.h4 Rae8 36.Ng2
Re4 37.Rxh7+ Kg6 38.Rh6+ Kg7 39.Nf4 Rxf4 40.Kxf4 c2 41.Rd7+ Kg8 {#R} 0-1